• 首页
  • 本馆介绍
  • 公告通知
  • 最新文献
  • 馆藏检索
  • 电子资源
  • 读者导购
  • 参考咨询
  • 我的图书馆
  • 登录
  • 详细信息显示
  • 放入我的书架
  • 预约/预借图书
  • 作者相关作品
  • 分类相关作品
  • 丛书相关作品
  • 出版社相关作品

书目信息

  • 表格格式
  • 工作单格式
  • 卡片格式
题名:
俄语入门
    
 
作者: 周鼎 , 徐振新 编
分册:   练习答案
出版信息: 北京   外语教学与研究出版社  1986
页数: 324页
开本: 20cm
丛书名:
单 册:
中图分类: H35
科图分类:
主题词: 俄语--练习
电子资源:
ISBN: 7-5600-0676-0
000 00617nam0 2200217 45
001 0310152101
005 20031219104120.0
010    @a7-5600-0676-0@dCNY56.90
100    @a20031015d1986 km y0chiy0120 ea
101 0  @achi
105    @a z 000yy
200 1  @a俄语入门@i练习答案@AE Yu Ru Men@f周鼎,徐振新编@FZhou Ding,Xu Zhen Xin Bian
210    @a北京@c外语教学与研究出版社@d1986
215    @a324页@d20cm
517    @a练习答案@ALian Xi Da An
606 0  @a俄语@x练习
690    @aH35@v4
701  0 @a周鼎@4编
701  0 @a徐振新@4编
801    @aCN@bTSTC@c20031024
905    @a213230@b326964-967@dH35@e118(+)@f4
    
    俄语入门.练习答案/周鼎,徐振新编.-北京:外语教学与研究出版社,1986
    324页;20cm
    
    
    ISBN 7-5600-0676-0:CNY56.90
    
●
相关链接 在E读中查询图书 在五车中查询图书 在当当中查询图书 在豆瓣中查询图书


正题名:俄语入门     索取号:H35/118(+)         预约/预借

序号 登录号 条形码 馆藏地/架位号 状态 备注
1 0326964   203269649   第四借阅区/ [索取号:H35/118(+)] 在馆    
2 0326965   203269658   第四借阅区/ [索取号:H35/118(+)] 在馆    
3 0326966   203269667   第四借阅区/ [索取号:H35/118(+)] 在馆    
4 0326967   203269676   第二样本阅览室/ [索取号:H35/118(+)] 在馆    
唐山师范学院图书馆 欢迎您!
大连网信软件有限公司© 版权所有